000 00474nam a2200145Ia 4500
003 OSt
005 20260122100919.0
008 211028s2015 xx 000 0 und d
040 _cAIMIT LIBRARY
041 _aeng
100 _aGulam T, Hadik; Achar, Sumitha.
_g1316047
_97320
245 _aStudy on developing strategy to promote the sale of maruti suzuki s-4 in popular vechicles and services ltd Mukkam /
260 _aMangalore
_bSumitha Achar.
_c2015
942 _2ddc
_cPRO
999 _c218890
_d218890